Personnages de Death Note par images - Statistiques

Statistiques générales
  • Ce quiz a été pris 648 fois
  • Le résultat moyen est 7 sur 16
Statistiques - réponses
Par images Réponse % Correct
L
99%
Light Yagami
99%
Ryuk
90%
Misa Amane
80%
Near
71%
Rem
59%
Mello
54%
Sôichirô Yagami
51%
Tôta Matsuda
39%
Watari
36%
Mikami Teru
21%
Kyôsuke Higuchi
13%
Kanzô Mogi
11%
Wedy
11%
Aiber
9%
Sidoh
7%
Aucun quiz correspondant
Distribution des résultats
% des personnes avec chaque résultat
Percentile par nombre de réponses
Votre historique - résultats
Vous n’avez pas pris ce quiz